000 00962nas a2200325 4500
001 BR0400547
003 BR-BrBNA
005 20231205104306.0
007 ta
008 230509b bl.|||p| |||| 00| 00por d
040 _aBR-BrBNA
_bpor
_cBiblioteca Nacional de Agricultura
041 _a(Pt)
072 _aE70; E16
100 1 _aAki, A.
100 1 _aPerosa, J.M.Y.
245 1 _aAspectos da produção e consumo de flores e plantas ornamentais no Brasil
650 _aFLOR PARA CORTE
650 _aPLANTA ORNAMENTAL
650 _aANÁLISE
650 _aMERCADO
650 _aMERCADO NACIONAL
650 _aPESQUISA DE MERCADO
650 _aESTATÍSTICA DE PRODUÇÃO
650 _aCONSUMO
650 _aCONSUMO INTERNO
650 _aPRODUTOR
773 0 _tRevista Brasileira de Horticultura Ornamental (Brazil)
_xISSN 1414-039X
_g(2002), v. 8(1-2) p. 13-23
_wBR0400547
909 _a202311
_bLúcia
_c55
_dLúcia Elande
942 _2AGRIS
_n0
_cANA
999 _c177389
_d177389